Every City in Alberta on the Map - Statistics

General Stats
  • This quiz has been taken 3,036 times
    2,037 since last reset
  • The average score is 53 of 348
Answers on the Map
Answers color-coded by a green-red scale on the quiz's map according to % correct below.
 
Answer Stats
Pop City % Correct
932 K Edmonton
98%
1.23 M Calgary
96%
100K Red Deer
86%
92.7 K Lethbridge
79%
7.8 K Banff
78%
72.0 K Fort McMurray
78%
63.2 K Medicine Hat
77%
61.5 K Airdrie
66%
63.1 K Grande Prairie
64%
65.5 K St. Albert
60%
13.9 K Canmore
59%
29.9 K Leduc
59%
19.6 K Lloydminster
59%
28.8 K Okotoks
56%
7.9 K Drumheller
53%
25.8 K Cochrane
49%
14.9 K Cold Lake
49%
24.1 K Fort Saskatchewan
49%
34.1 K Spruce Grove
48%
71.3 K Sherwood Park
46%
6.6 K Slave Lake
46%
2.9 K Athabasca
45%
14.4 K Brooks
45%
18.7 K Camrose
44%
13.5 K High River
44%
9.1 K Olds
43%
9.8 K Hinton
42%
19.8 K Chestermere
41%
14.8 K Sylvan Lake
40%
12.6 K Wetaskiwin
40%
13.0 K Lacombe
39%
6.8 K Peace River
39%
13.7 K Strathmore
39%
8.4 K Edson
38%
3.1 K High Level
38%
6.6 K Rocky Mountain House
38%
17.2 K Stony Plain
38%
17.3 K Beaumont
35%
7.2 K Ponoka
35%
2.5 K Hanna
34%
10.2 K Whitecourt
33%
6.5 K Devon
32%
4.0 K Carstairs
30%
7.2 K Drayton Valley
30%
8.4 K Taber
30%
5.9 K Bonnyville
29%
2.9 K Fort Macleod
29%
7.8 K Innisfail
29%
691 Lake Louise
29%
5.7 K Vegreville
29%
2.6 K Lac La Biche
28%
5.2 K Diamond Valley
27%
3.6 K Pincher Creek
27%
3.2 K Three Hills
27%
9.3 K Blackfalds
26%
3.5 K Grande Cache
26%
2.1 K Nanton
26%
3.5 K Cardston
25%
3.7 K Claresholm
25%
5.2 K Didsbury
25%
245 Morrin
25%
5.9 K Stettler
25%
4.0 K Vermilion
25%
1.9 K Vulcan
25%
6.2 K Wainwright
25%
9.8 K Morinville
24%
5.8 K St. Paul
24%
105 Waterton Park
24%
2.5 K High Prairie
23%
827 Milk River
23%
4.5 K Barrhead
22%
8.2 K Coaldale
22%
2.7 K Sundre
22%
5.1 K Westlock
22%
2.9 K Crossfield
21%
1.3 K Two Hills
21%
1.2 K Bowden
20%
918 Fort Chipewyan
20%
1.0 K Oyen
20%
5.6 K Redcliff
20%
1.0 K Viking
20%
277 Coutts
19%
1.9 K Fox Creek
19%
3.2 K Penhold
19%
1.2 K Bassano
18%
1.9 K Bow Island
18%
459 Bragg Creek
18%
2.9 K Fairview
18%
3.1 K Gibbons
18%
2.0 K Redwater
18%
2.5 K Rimbey
18%
1.1 K Manning
17%
795 Rainbow Lake
17%
2.6 K Sexsmith
17%
1.8 K Valleyview
17%
865 Alberta Beach
16%
5.3 K Langdon
16%
2.3 K Magrath
16%
1.3 K Mayerthorpe
16%
1.9 K Provost
16%
3.7 K Raymond
16%
501 Caroline
15%
2.6 K Coalhurst
15%
3.3 K La Crete
15%
1.9 K Millet
15%
1.8 K Picture Butte
15%
2.1 K Tofield
15%
2.4 K Beaverlodge
14%
1.0 K Bentley
14%
2.2 K Calmar
14%
1.4 K Elk Point
14%
763 Fort Vermilion
14%
2.7 K Grimshaw
14%
1.7 K Lamont
14%
964 Smoky Lake
14%
1.0 K Trochu
14%
940 Coronation
13%
1.3 K Legal
13%
307 Longview
13%
852 Mundare
13%
1.0 K Onoway
13%
1.3 K Swan Hills
13%
331 Warner
13%
653 Acme
12%
532 Ardrossan
12%
830 Bashaw
12%
785 Beiseker
12%
1.5 K Bon Accord
12%
916 Boyle
12%
1.3 K Bruderheim
12%
929 Castor
12%
992 Duchess
12%
1.1 K Eckville
12%
1.2 K Irricana
12%
995 Spirit River
12%
985 Thorsby
12%
1.2 K Vauxhall
12%
1.5 K Wabasca
12%
830 Alix
11%
689 Consort
11%
457 Cremona
11%
1.0 K Dunmore
11%
412 Exshaw
11%
1.0 K Falher
11%
554 Hardisty
11%
989 Killam
11%
541 Stavely
11%
661 Wabamun
11%
379 Andrew
10%
659 Anzac
10%
4.2 K Clairmont
10%
824 Daysland
10%
125 Dead Man's Flats
10%
526 Foremost
10%
324 Gleichen
10%
220 Innisfree
10%
846 Kitscoty
10%
522 New Sarepta
10%
1.2 K Nobleford
10%
592 Carbon
9%
134 Cereal
9%
167 Czar
9%
795 Evansburg
9%
831 Forestburg
9%
815 Grassy Lake
9%
457 Irma
9%
320 New Norway
9%
497 Ryley
9%
1.0 K Stirling
9%
255 Suffield
9%
364 Tilley
9%
1.5 K Wembley
9%
403 Bawlf
8%
364 Big Valley
8%
314 Blackie
8%
1.2 K Cardiff
8%
503 Clyde
8%
229 Conklin
8%
188 Empress
8%
406 Granum
8%
381 Holden
8%
307 Irvine
8%
171 Joffre
8%
236 Lundbreck
8%
803 Mannville
8%
701 McLennan
8%
101 Patricia
8%
267 Priddis Greens
8%
342 Rosemary
8%
531 Thorhild
8%
170 Torrington
8%
153 Villeneuve
8%
249 Vilna
8%
178 Youngstown
8%
149 Acadia Valley
7%
207 Amisk
7%
526 Berwyn
7%
496 Breton
7%
525 Carseland
7%
378 Champion
7%
675 Clive
7%
186 Delia
7%
201 Dewberry
7%
317 Edgerton
7%
389 Entwistle
7%
176 Fort Assiniboine
7%
486 Glendon
7%
255 Grouard
7%
184 Harvie Heights
7%
425 Hay Lakes
7%
820 Hythe
7%
182 Kinuso
7%
612 Marwayne
7%
502 Mirror
7%
348 Plamondon
7%
170 Robb
7%
811 Sedgewick
7%
148 Smith
7%
270 South Cooking Lake
7%
1.5 K Springbrook
7%
379 Standard
7%
249 Veteran
7%
789 Warburg
7%
174 Alliance
6%
315 Ardmore
6%
771 Barnwell
6%
527 Beaver Lake
6%
392 Blackfoot
6%
127 Bluesky
6%
406 Burdett
6%
284 Canyon Creek
6%
367 Carmangay
6%
340 Cayley
6%
334 Chauvin
6%
284 Chipman
6%
236 Cowley
6%
830 Delburne
6%
586 Desert Blume
6%
184 Diamond City
6%
259 Donalda
6%
261 Faust
6%
266 Girouxville
6%
121 Halkirk
6%
380 Hines Creek
6%
230 Hughenden
6%
176 Hussar
6%
141 Jenner
6%
223 Joussard
6%
725 Linden
6%
233 Lougheed
6%
227 Monarch
6%
370 Myrnam
6%
362 Nampa
6%
171 Radway
6%
294 Red Earth Creek
6%
325 Rockyford
6%
258 Rolling Hills
6%
628 Rycroft
6%
299 Sangudo
6%
275 Seven Persons
6%
255 Waskatenau
6%
348 Widewater
6%
167 Alder Flats
5%
133 Ashmont
5%
315 Barons
5%
177 Benalto
5%
107 Bezanson
5%
244 Blue Ridge
5%
204 Botha
5%
115 Brownvale
5%
140 Busby
5%
113 Cadogan
5%
448 Calling Lake
5%
405 Cherry Grove
5%
121 DeBolt
5%
305 Donnelly
5%
168 Edberg
5%
313 Elnora
5%
259 Enchant
5%
155 Enilda
5%
282 Erskine
5%
191 Fort Kent
5%
287 Glenwood
5%
138 Grovedale
5%
163 Hays
5%
151 Heisler
5%
186 Hill Spring
5%
141 Janvier South
5%
118 Josephburg
5%
130 Lac des Arcs
5%
341 Lake Newell Resort
5%
173 Lomond
5%
207 Mallaig
5%
122 Milo
5%
204 Munson
5%
101 Neerlandia
5%
174 Paradise Valley
5%
146 Scandia
5%
533 Spring Lake
5%
198 Vimy
5%
171 Wagner
5%
125 Whitelaw
5%
273 Wildwood
5%
319 Willingdon
5%
113 Aetna
4%
188 Arrowwood
4%
224 Bittern Lake
4%
143 Bluffton
4%
107 Buck Creek
4%
763 Cochrane Lake
4%
249 Colinton
4%
108 Dixonville
4%
100 Fabyan
4%
202 Ferintosh
4%
204 Gregoire Lake Estates
4%
195 Islay
4%
211 La Glace
4%
108 Lavoy
4%
238 Leslieville
4%
116 Lodgepole
4%
115 Minburn
4%
110 Ohaton
4%
141 Orton
4%
214 Pickardville
4%
190 Rosalind
4%
415 Shaughnessy
4%
175 Spruce View
4%
266 St. Isidore
4%
260 Strome
4%
179 Tillicum Beach
4%
124 Wanham
4%
238 Winfield
4%
102 Woking
4%
435 Antler Lake
3%
109 Clandonald
3%
376 Collingwood Cove
3%
111 Galahad
3%
214 Half Moon Lake
3%
103 Kingman
3%
225 Little Buffalo
3%
101 Pelican Point
3%
317 Rocky Rapids
3%
129 Round Hill
3%
119 Turin
3%
141 Violet Grove
3%
104 Hastings Lake
2%
126 Moon River Estates
2%
334 Mulhurst Bay
2%
No matching quizzes found
Score Distribution
Percent of People with Each Score
Percentile by Number Answered
Your Score History
You have not taken this quiz since the last reset